|
|
|
|
| LEADER |
00955nam a22002411a 4500 |
| 020 |
|
|
|a 9780835674119
|c 0.00
|
| 040 |
|
|
|a SSUS - Library - Kalady
|
| 082 |
|
|
|a S 294.592 18
|b MAH/V
|
| 100 |
|
|
|a Mahadeva Sastri A (ed.)
|
| 245 |
|
|
|a The vaisnava Upanisads : with the commentary of sri upanisads brahamayogin
|h [Text]
|
| 250 |
|
|
|a 2nd
|
| 260 |
|
|
|a Madras
|b Adyar Library And Reserch Centre
|c 1979
|
| 300 |
|
|
|a 422p.
|
| 600 |
|
|
|a Hinduism
|
| 600 |
|
|
|a Religion
|
| 600 |
|
|
|a Upanishad
|
| 852 |
|
|
|h S 294.592 18
|i MAH/V
|p 067508
|9 350.00
|t 0
|
| 852 |
|
|
|h S 294.592 18
|i MAH/V
|p 067509
|9 350.00
|t 0
|
| 942 |
|
|
|c BK
|
| 942 |
|
|
|c BK
|
| 999 |
|
|
|c 48843
|d 48843
|
| 952 |
|
|
|0 0
|1 0
|4 0
|6 S_294_592000000000000_18_MAH_V
|7 0
|9 70725
|a SSUS
|b SSUS
|d 2015-01-08
|g 350.00
|o S 294.592 18 MAH/V
|p 067508
|r 2015-01-08
|v 0.00
|w 2015-01-08
|y BK
|
| 952 |
|
|
|0 0
|1 0
|4 0
|6 S_294_592000000000000_18_MAH_V
|7 0
|9 70726
|a SSUS
|b SSUS
|d 2015-01-08
|g 350.00
|o S 294.592 18 MAH/V
|p 067509
|r 2015-01-08
|v 0.00
|w 2015-01-08
|y BK
|